000 005190000a22001930004500
001 001597
003 MACL
005 20150728181410.0
008 150728b xxu||||| |||| 00| 0 eng d
040 _aMACL
_cMACL
041 _aEnglish
082 _a336.200/MUK
100 _aMukhapadhyay, Sukumqar
_93031
245 _aEconomics Of Value Added Tax
_bTheory & Practice
_cSukumqar Mukhapadhyay
260 _aNew Delhi
_c2005
_bCentax Publications,
350 _a480
650 _aEconomics
_93032
942 _k336
_cBK
_2ddc
999 _c13517
_d13517